00646nam a2200229 a 4500001001300000003000900013005001700022008004100039020001000080082001600090100002400106245002400130260003300154300000900187500003500196650001500231700002400246902000800270942000700278952011600285999001500401nice12345678IN_TiNIC20260116012146.0070629s0000 bada grp 000 0 urd  ac10000a297.86bABD aAbddullah, Mohammad aUmm-Ul-quran-e-azim aBadaun bNo Publisher c0000 a148p aincludes index and biblioraphy aAhmadiyyah1 aAbddullah, Mohammad bSRS cBK 001040708StackRoom-aHMIbHMId2007-06-29g100.00l0o297.86 ABDp05457r2007-06-29v100.00w2007-06-29yBK c5877d5877